Conjoined Letters V Quiz Stats

 Plays Quiz Updated Jul 5, 2018

Score 0/56 Timer 02:00
1 Play Today
Hint Answer % Correct
i & w
85.8%
g & n
85.7%
c & x
85.7%
f & m
85.7%
f & p
85.7%
J & N
85.6%
M & S
85.6%
N & U
85.6%
R & V
85.6%
K & Z
85.6%
J & T
85.5%
h & r
85.5%
N & R
85.5%
J & K
85.5%
u & x
85.4%
g & h
85.4%
L & X
85.4%
B & D
85.4%
E & M
85.4%
J & P
85.4%
g & x
85.4%
Q & Y
85.3%
H & J
85.3%
E & J
85.3%
C & E
85.3%
S & T
85.2%
d & u
85.2%
n & q
85.2%
Hint Answer % Correct
w & y
85.2%
J & Q
85.2%
n & s
85.2%
L & P
85.2%
f & g
85.2%
F & J
85.1%
g & k
85.1%
I & T
85.1%
H & M
85.1%
n & r
85.1%
b & q
85%
A & L
85%
A & V
85%
N & Y
84.9%
m & q
84.9%
U & W
84.7%
M & Q
84.6%
U & X
84.6%
f & q
84.4%
l & u
84%
G & P
83.9%
o & v
83.3%
E & R
83.2%
c & l
81.3%
d & g
80.5%
e & p
74.8%
C & I
71.4%
X & Z
69.2%

You're not logged in!

Compare scores with friends on all Sporcle quizzes.
OR
Log In

You Might Also Like...

Show Comments

Extras

Top Quizzes Today


Score Distribution

Your Account Isn't Verified!

In order to create a playlist on Sporcle, you need to verify the email address you used during registration. Go to your Sporcle Settings to finish the process.

Report this User

Report this user for behavior that violates our Community Guidelines.

Details: